[Event "Windsor NAYCC U10 Girls"]
[Site "Windsor"]
[Date "2016.08.09"]
[Round "5.161"]
[White "Sivapathasundaram, Nithusa"]
[Black "Zhou, Madison"]
[Result "1/2-1/2"]
[WhiteElo "638"]
[BlackElo "737"]
[PlyCount "102"]
[EventDate "2016.08.07"]
[EventType "swiss"]
[EventRounds "9"]
[EventCountry "CAN"]
[SourceTitle "EXT 2022"]
[Source "ChessBase"]
[SourceDate "2021.10.06"]
[SourceVersion "1"]
[SourceVersionDate "2021.10.06"]
[SourceQuality "1"]

1. e4 e5 2. Nf3 Nc6 3. Bc4 Bc5 4. 0-0 Nf6 5. Nc3 0-0 6. d3 h6 7. Bd2 d6 8. h3 Be6 9. Bxe6 fxe6 10. Qe2 Bd4 11. Rfd1 Nb4 12. Rdc1 Bc5 13. a3 Nc6 14. b4 Bb6 15. b5 Nd4 16. Nxd4 Bxd4 17. a4 d5 18. Ra2 a6 19. exd5 Bxc3 20. Bxc3 Qxd5 21. Rca1 Nd7 22. bxa6 Rxa6 23. Bb4 Rf6 24. a5 Rg6 25. Qe4 Qxe4 26. dxe4 b6 27. axb6 Rxa2 28. Rxa2 cxb6 29. c4 Nf6 30. Ra6 Nxe4 31. Rxb6 Ng5 32. c5 Nf3+ 33. Kf1 Nh2+ 34. Kg1 Nf3+ 35. Kh1 Nd4 36. Bc3 Rf6 37. Bxd4 exd4 38. c6 Rf8 39. c7 d3 40. Rd6 Rc8 41. Rc6 d2 42. Rd6 Rxc7 43. Rxd2 Re7 44. f4 g5 45. fxg5 hxg5 46. Rd4 e5 47. Re4 Kg7 48. g3 Kg6 49. h4 gxh4 50. gxh4 Kf5 51. Re1 Kg4 1/2-1/2